000
00311nam a22001457a 4500
003
SGT
020
_a
9789388022415
082
_a
614.1
_b
ANA
100
_a
ANAND Dr, KUMAR
245
_a
TEXT BOOK ON FORENSIC DENTISTRY
260
_a
INDIA
_b
IP PUB
_c
2022
300
_a
91
650
_a
SCIENCE
942
_2
ddc
_c
BK
999
_c
33267
_d
33267